000 00895cam a22002651 4500
001 gs 52000203
003 DLC
005 20260227111359.0
008 790612s1952 sdub b s000 0 eng
010 _ags 52000203
035 _a(OCoLC)5058269
040 _aDLC
_cTxCM
_dOCoLC
_dDLC
042 _apremarc
050 0 0 _aGB1025.S8
_bB3
100 1 _aBarkley, Raymond C.
245 1 0 _aArtesian conditions in southeastern South Dakota.
260 _aVermillion, South Dakota,
_bUniversity of South Dakota,
_c1952.
300 _a71 p.
_bmaps (2 fold. in pocket)
490 1 _aSouth Dakota. State Geological Survey. Report of investigations,
_vno. 71
504 _aBibliography: p. 71.
650 0 _aGeology
_zSouth Dakota.
650 0 _aWater-supply
_zSouth Dakota.
650 0 _aGroundwater
_zSouth Dakota.
830 0 _aReport of investigations (South Dakota Geological Survey) ;
_vno. 71.
999 _c28658
_d28658